000 00544nam a2200181 a 4500
005 20140412111232.0
008 001117s19uu xx 00 eng d
020 _a0-395-16965-8
050 _aTR(PS E
_bCu-Fl
245 _aCurious George flies the kite /
_cMargaret Rey ; pictures by H. A. Rey.
260 _aBoston :
_bHoughton Mifflin,
_c1956.
300 _a80 p. ; ill.
440 _aCurious George
500 _aAdapted from the Curious George film series
650 _aKites--Fiction
650 _aMonkeys--Fiction
999 _c102191
_d102191